[Event "Pohár města Říčany 2018"]
[Site "Městské kulturní středisko"]
[Date "2019.08.25"]
[Round "2.2"]
[White "Vojta, Tomas"]
[Black "Cermak, Jan"]
[Result "1-0"]
[WhiteElo "2363"]
[BlackElo "1912"]
[PlyCount "59"]
[EventDate "2019.08.24"]

1. e4 e5 2. Nf3 Nf6 3. Nxe5 d6 4. Nf3 Nxe4 5. Nc3 Nxc3 6. dxc3 Nc6 7. Bf4 Bf5
8. Qd2 Qd7 9. O-O-O O-O-O 10. Bb5 Be7 11. Nd4 Bf6 12. Bg5 Bxg5 13. Qxg5 g6 14.
Rhe1 Rde8 15. Nxf5 Qxf5 16. Qxf5+ gxf5 17. Rxe8+ Rxe8 18. Bd3 Ne7 19. Re1 Kd7
20. g3 Rg8 21. Kd2 f4 22. Re4 fxg3 23. hxg3 f5 24. Rh4 Rg7 25. Rh6 Rf7 26. Ke2
Ng6 27. f4 Ne7 28. Kf3 c6 29. c4 Ng8 30. Rxh7 1-0

[Event "Pohár města Říčany 2018"]
[Site "Městské kulturní středisko"]
[Date "2019.08.25"]
[Round "2.3"]
[White "Mladek, Richard"]
[Black "Smolik, Jachym"]
[Result "1-0"]
[WhiteElo "2266"]
[BlackElo "1891"]
[PlyCount "45"]
[EventDate "2019.08.24"]

1. e4 c5 2. Nf3 e6 3. d4 cxd4 4. Nxd4 Nf6 5. Nc3 Bb4 6. e5 Nd5 7. Qg4 Kf8 8.
Bd2 Qc7 9. Nxd5 Bxd2+ 10. Kxd2 exd5 11. Nf5 g6 12. Nd6 h5 13. Qf4 Rh7 14. Bd3
Nc6 15. Bxg6 Nxe5 16. Qxe5 fxg6 17. Qe8+ Kg7 18. Qf7+ Kh6 19. Nf5+ Kg5 20. h4+
Kf4 21. g3+ Kf3 22. Nd4+ Ke4 23. c3 1-0

[Event "Pohár města Říčany 2018"]
[Site "Městské kulturní středisko"]
[Date "2019.08.25"]
[Round "2.4"]
[White "Steiner, Juraj"]
[Black "Rodshtein, Tereza"]
[Result "1-0"]
[WhiteElo "1920"]
[BlackElo "2208"]
[PlyCount "69"]
[EventDate "2019.08.24"]

1. d4 d5 2. c4 e6 3. Nc3 Nf6 4. cxd5 exd5 5. Bg5 Be7 6. e3 c6 7. Qc2 Na6 8.
Bxf6 Bxf6 9. Bxa6 bxa6 10. Nf3 O-O 11. O-O Bg4 12. Ne2 Qd6 13. Rac1 Rac8 14.
Ng3 h5 15. h3 Bxf3 16. gxf3 h4 17. Ne2 Bd8 18. Qf5 Bc7 19. Nf4 Rfe8 20. Kh1 Qh6
21. Nd3 Bd6 22. Rg1 Re6 23. Rg5 Be7 24. Rh5 Qg6 25. Qxg6 Rxg6 26. Rxd5 Bd8 27.
Ne5 Re6 28. Nxc6 Rcxc6 29. Rxd8+ Kh7 30. Rc5 Rxc5 31. dxc5 Rc6 32. Rd5 g6 33.
b4 Rc7 34. a4 Kg7 35. Kg2 1-0

[Event "Pohár města Říčany 2018"]
[Site "Městské kulturní středisko"]
[Date "2019.08.25"]
[Round "2.5"]
[White "Skala, Jaromir"]
[Black "Rut, Vojtech"]
[Result "0-1"]
[WhiteElo "1899"]
[BlackElo "2115"]
[PlyCount "78"]
[EventDate "2019.08.24"]

1. d4 e6 2. c4 f5 3. Nf3 Nf6 4. e3 d5 5. Be2 c6 6. O-O Bd6 7. b3 Qe7 8. a4 Nbd7
9. Ba3 c5 10. dxc5 Nxc5 11. b4 Nce4 12. c5 Bc7 13. Qc2 O-O 14. Nbd2 e5 15. b5
Nxd2 16. Nxd2 e4 17. Rfe1 f4 18. exf4 Bxf4 19. c6 Qe5 20. Bxf8 Bxh2+ 21. Kh1
Kxf8 22. Nf1 Bf4 23. Qc5+ Kg8 24. Rad1 b6 25. Qd4 Qg5 26. Bc4 Be6 27. Be2 Rf8
28. g3 Nh5 29. Bxh5 Qxh5+ 30. Kg1 Be5 31. Qd2 Rf6 32. f4 exf3 33. Qf2 Bd6 34.
Rd3 Bc5 35. Rde3 Bxe3 36. Rxe3 d4 37. Re1 Bc4 38. Nd2 Be2 39. Rc1 Rh6 0-1

[Event "Pohár města Říčany 2018"]
[Site "Městské kulturní středisko"]
[Date "2019.08.25"]
[Round "2.6"]
[White "Vystrcil, Martin"]
[Black "Lhotsky, Frantisek"]
[Result "1/2-1/2"]
[WhiteElo "2106"]
[BlackElo "1865"]
[PlyCount "45"]
[EventDate "2019.08.24"]

1. e4 e5 2. Nf3 Nc6 3. Nc3 Nf6 4. d4 exd4 5. Nxd4 Bb4 6. Nxc6 bxc6 7. Bd3 O-O
8. O-O d5 9. exd5 Bg4 10. f3 Bh5 11. dxc6 Qd4+ 12. Kh1 Bxc3 13. bxc3 Qxc3 14.
Rb1 Qxc6 15. Bb2 Bg6 16. Bxg6 hxg6 17. Rf2 Rad8 18. Rd2 Rxd2 19. Qxd2 Qd6 20.
Qc3 Rd8 21. h3 Nh5 22. Qe5 f6 23. Qxd6 1/2-1/2

[Event "Pohár města Říčany 2018"]
[Site "Městské kulturní středisko"]
[Date "2019.08.25"]
[Round "2.7"]
[White "Svetly, Jiri"]
[Black "Zizka, Petr"]
[Result "1-0"]
[WhiteElo "1871"]
[BlackElo "2081"]
[PlyCount "99"]
[EventDate "2019.08.24"]

1. d4 Nf6 2. c4 g6 3. Nc3 Bg7 4. e4 d6 5. Bg5 O-O 6. Qd2 a6 7. Bd3 Nc6 8. Nge2
Qe8 9. f4 e5 10. fxe5 dxe5 11. d5 Ne7 12. O-O Nd7 13. Rae1 f5 14. exf5 Nxf5 15.
Ne4 h6 16. Be3 Nf6 17. Bc5 Nxe4 18. Bxe4 Rf6 19. Qd3 Qf7 20. g4 Nh4 21. Qg3 g5
22. Rxf6 Bxf6 23. h3 Bd7 24. Qd3 Be7 25. Bxe7 Qxe7 26. Rf1 Rf8 27. Rxf8+ Qxf8
28. Qe3 Qb4 29. Qc3 Qxc3 30. Nxc3 Kg7 31. Kf2 Ng6 32. Bxg6 Kxg6 33. Kf3 Kf6 34.
Ne4+ Ke7 35. Nc5 Bc8 36. Ke4 Kf6 37. Nd3 Bd7 38. Nxe5 Be8 39. Kd4 Ke7 40. c5
Bb5 41. Nc4 Bd7 42. Ke5 Bb5 43. Ne3 Bd3 44. Nf5+ Kd7 45. Nxh6 Bf1 46. Kf5 Bxh3
47. Kxg5 Bg2 48. Ng8 a5 49. Kf5 b6 50. cxb6 1-0

[Event "Pohár města Říčany 2018"]
[Site "Městské kulturní středisko"]
[Date "2019.08.25"]
[Round "2.8"]
[White "Groh, Jiri"]
[Black "Day, Tobias"]
[Result "1-0"]
[WhiteElo "2001"]
[BlackElo "1761"]
[PlyCount "59"]
[EventDate "2019.08.24"]

1. Nf3 f5 2. e3 Nf6 3. d4 g6 4. b3 Bg7 5. Bb2 c6 6. c4 d6 7. Be2 O-O 8. Nc3 Qe8
9. d5 Ne4 10. Qc2 Qf7 11. O-O Na6 12. Nxe4 Bxb2 13. Nxd6 Qg7 14. Rab1 Bc3 15.
Nxc8 Raxc8 16. Ng5 Qf6 17. Ne6 Rfe8 18. Nf4 Nb4 19. Qc1 cxd5 20. a3 e5 21. Qxc3
d4 22. Qxb4 exf4 23. Qxb7 fxe3 24. Qxa7 Qe5 25. Rbd1 Rcd8 26. Rd3 f4 27. Bf3 e2
28. Re1 Qf5 29. Rxd4 Qb1 30. Qa5 1-0

[Event "Pohár města Říčany 2018"]
[Site "Městské kulturní středisko"]
[Date "2019.08.25"]
[Round "2.9"]
[White "Elias, Jakub"]
[Black "Vavrinec, Tomas"]
[Result "1/2-1/2"]
[WhiteElo "1836"]
[BlackElo "1994"]
[PlyCount "67"]
[EventDate "2019.08.24"]

1. e4 e6 2. d4 d5 3. Nc3 dxe4 4. Nxe4 Be7 5. Nf3 Nf6 6. Bd3 Nbd7 7. O-O Nxe4 8.
Bxe4 Nf6 9. Bd3 O-O 10. Re1 b6 11. Bg5 Bb7 12. c3 c5 13. Bxf6 Bxf6 14. dxc5
bxc5 15. Qe2 Qb6 16. Ne5 Rad8 17. Nc4 Qc7 18. Rad1 Bd5 19. Bb1 g6 20. Ne3 Bb7
21. Ng4 Bg7 22. Be4 Bc8 23. Bf3 Qa5 24. a3 Bd7 25. Ne5 Bb5 26. Qe3 Qb6 27. Rxd8
Rxd8 28. Qf4 Be8 29. b4 cxb4 30. cxb4 Qa6 31. Re3 Rc8 32. h4 Rc1+ 33. Kh2 f6
34. Ng4 1/2-1/2

[Event "Pohár města Říčany 2018"]
[Site "Městské kulturní středisko"]
[Date "2019.08.25"]
[Round "2.10"]
[White "Holub, Milan"]
[Black "Hrbek, Tomas"]
[Result "1/2-1/2"]
[WhiteElo "1988"]
[BlackElo "1744"]
[PlyCount "47"]
[EventDate "2019.08.24"]

1. d4 d5 2. Nf3 Nf6 3. Bf4 Bf5 4. e3 e6 5. Nbd2 Bd6 6. Ne5 Nbd7 7. Ndf3 Nh5 8.
Bd3 Bxd3 9. Qxd3 Nxf4 10. exf4 c6 11. O-O Nxe5 12. dxe5 Be7 13. f5 exf5 14.
Qxf5 Qd7 15. Qh5 g6 16. Qh6 Qf5 17. c3 O-O-O 18. Qe3 Kb8 19. Nd4 Qg5 20. f4 Qh4
21. b4 Ka8 22. Rab1 Rc8 23. Rfd1 Bd8 24. Qf3 1/2-1/2

[Event "Pohár města Říčany 2018"]
[Site "Městské kulturní středisko"]
[Date "2019.08.25"]
[Round "2.11"]
[White "Horyna, Josef"]
[Black "Krizek, Krystof"]
[Result "0-1"]
[WhiteElo "1763"]
[BlackElo "1984"]
[PlyCount "102"]
[EventDate "2019.08.24"]

1. d4 d5 2. Bf4 Nf6 3. e3 c5 4. c3 Nc6 5. Nd2 Bf5 6. Be2 Qb6 7. Qb3 c4 8. Qxb6
axb6 9. a3 e6 10. Ngf3 Be7 11. Ne5 b5 12. O-O O-O 13. g4 Bg6 14. f3 Nxe5 15.
Bxe5 Nd7 16. Bg3 Nb6 17. h4 Bd3 18. Bxd3 cxd3 19. Rad1 Nc4 20. Nxc4 bxc4 21.
Rd2 Ra6 22. Kg2 Rfa8 23. f4 b5 24. h5 h6 25. Kh3 Bxa3 26. bxa3 Rxa3 27. Rc1 Ra2
28. Be1 Ra1 29. Rdd1 Rxc1 30. Rxc1 Ra2 31. Rd1 Kf8 32. Kg3 Ke7 33. Kf3 Re2 34.
Bd2 Kd6 35. Be1 b4 36. cxb4 Rxe1 37. Rxe1 c3 38. e4 d2 39. e5+ Kc6 40. Ke2
dxe1=Q+ 41. Kxe1 Kb5 42. f5 Kxb4 43. Kd1 Kc4 44. f6 gxf6 45. exf6 Kxd4 46. g5
Ke5 47. gxh6 Kxf6 48. Kc2 d4 49. Kd3 e5 50. Kc2 e4 51. Kd1 e3 0-1

[Event "Pohár města Říčany 2018"]
[Site "Městské kulturní středisko"]
[Date "2019.08.25"]
[Round "2.12"]
[White "Stork, Rostislav"]
[Black "Vilimova, Julie"]
[Result "1/2-1/2"]
[WhiteElo "1724"]
[BlackElo "1953"]
[PlyCount "41"]
[EventDate "2019.08.24"]

1. e4 c5 2. Nf3 Nc6 3. d4 cxd4 4. Nxd4 Nf6 5. Nc3 d6 6. f3 g6 7. Be3 Bg7 8. Qd2
Bd7 9. O-O-O Rc8 10. g4 a6 11. Nxc6 Bxc6 12. Bh6 Bxh6 13. Qxh6 b5 14. Nd5 Bxd5
15. exd5 Qc7 16. c3 Qc5 17. Qd2 Nd7 18. f4 Nb6 19. Kb1 h5 20. f5 Nc4 21. Bxc4
1/2-1/2

[Event "Pohár města Říčany 2018"]
[Site "Městské kulturní středisko"]
[Date "2019.08.25"]
[Round "2.13"]
[White "Dunder, Ondrej"]
[Black "Maly, Filip"]
[Result "1-0"]
[WhiteElo "1717"]
[BlackElo "1941"]
[PlyCount "65"]
[EventDate "2019.08.24"]

1. Nf3 Nf6 2. d4 g6 3. e3 Bg7 4. b3 O-O 5. Bb2 d6 6. Bd3 Nc6 7. a3 Bg4 8. Nbd2
e5 9. O-O Re8 10. dxe5 dxe5 11. Ne4 Nd5 12. Bc4 Nb6 13. Bxf7+ Kxf7 14. Nfg5+
Kg8 15. Qxg4 Qe7 16. f4 Nd5 17. Rf3 exf4 18. Bxg7 Qxg7 19. Rff1 Ne5 20. Qh3
Nxe3 21. Rxf4 Nf3+ 22. gxf3 Rxe4 23. fxe4 Qxa1+ 24. Kf2 Nd1+ 25. Kg2 h5 26.
Qe6+ Kh8 27. Qxg6 Ne3+ 28. Kf3 Qf1+ 29. Kxe3 Qe1+ 30. Kf3 Qf1+ 31. Kg3 Qg1+ 32.
Kh3 Qe3+ 33. Rf3 1-0

[Event "Pohár města Říčany 2018"]
[Site "Městské kulturní středisko"]
[Date "2019.08.25"]
[Round "2.14"]
[White "Dome, Michal"]
[Black "Petr, Jakub"]
[Result "0-1"]
[WhiteElo "1799"]
[BlackElo "2307"]
[PlyCount "174"]
[EventDate "2019.08.24"]

1. d4 Nf6 2. c4 g6 3. Nf3 Bg7 4. e3 O-O 5. Be2 d5 6. cxd5 Nxd5 7. e4 Nb6 8. Be3
c5 9. Nc3 cxd4 10. Nxd4 Bd7 11. O-O Nc6 12. Nb3 Ne5 13. Na5 Rb8 14. f4 Nc6 15.
Nb3 Be6 16. Qe1 Nc4 17. Rd1 Nxe3 18. Rxd8 Rfxd8 19. Rf3 Bxb3 20. axb3 Nd4 21.
Rh3 h5 22. e5 Ndf5 23. Qf2 Ng4 24. Bxg4 hxg4 25. Re3 Nxe3 26. Qxe3 b6 27. Kf1
Rb7 28. h3 gxh3 29. Qxh3 Rbd7 30. e6 Rd3 31. Qg4 Bxc3 32. exf7+ Kxf7 33. bxc3
Rxc3 34. f5 Rd6 35. fxg6+ Rxg6 36. Qd4 Rcg3 37. Qd5+ Re6 38. Kf2 Rgg6 39. b4 a6
40. Kg1 Kg7 41. Qd4+ Ref6 42. Qe5 Kf8 43. Qb8+ Kf7 44. Qb7 b5 45. Qd5+ Re6 46.
Qb3 Ke8 47. Qc3 Rd6 48. Qh8+ Kd7 49. Qh3+ Rge6 50. Qg4 Kc7 51. Qg3 Re4 52. Qc3+
Rc4 53. Qe5 e6 54. Qg7+ Kc6 55. Qa7 Rxb4 56. Qxa6+ Kc5 57. Qa7+ Kd5 58. Qb7+
Rc6 59. Qd7+ Kc5 60. Qa7+ Kd6 61. Qb8+ Kd7 62. Qa7+ Rc7 63. Qa5 Rcc4 64. Qa7+
Kd6 65. Qb8+ Kd5 66. Qd8+ Ke4 67. Qh4+ Ke5 68. Qg5+ Kd4 69. Qg4+ Kd5 70. Qf3+
Re4 71. Qd3+ Kc5 72. Qc3+ Rbc4 73. Qa3+ b4 74. Qa7+ Kd5 75. Qd7+ Ke5 76. Qg7+
Kf4 77. Qf6+ Ke3 78. Qf2+ Kd3 79. Qf3+ Kd4 80. Qf6+ e5 81. Qd6+ Kc3 82. Qd1 b3
83. Qc1+ Kb4 84. Qd2+ Ka3 85. Qa5+ Kb2 86. Qd2+ Rc2 87. Qd3 Ree2 0-1

[Event "Pohár města Říčany 2018"]
[Site "Městské kulturní středisko"]
[Date "2019.08.25"]
[Round "2.15"]
[White "Novotny, Martin"]
[Black "Voracek, Zdenek"]
[Result "1-0"]
[WhiteElo "2178"]
[BlackElo "1938"]
[PlyCount "39"]
[EventDate "2019.08.24"]

1. d4 d5 2. c4 e6 3. Nf3 Nf6 4. g3 Nbd7 5. Bg2 Be7 6. O-O O-O 7. Qc2 b6 8. Nc3
Bb7 9. cxd5 exd5 10. Rd1 Qc8 11. Bf4 c6 12. Rac1 Rd8 13. Bh3 a6 14. Ne5 b5 15.
Qb1 c5 16. dxc5 d4 17. c6 dxc3 18. cxb7 Qxb7 19. Bg2 Qb6 20. Nxd7 1-0

[Event "Pohár města Říčany 2018"]
[Site "Městské kulturní středisko"]
[Date "2019.08.25"]
[Round "2.16"]
[White "Otruba, Marek"]
[Black "Cervenka, Petr"]
[Result "1-0"]
[WhiteElo "2133"]
[BlackElo "1850"]
[PlyCount "51"]
[EventDate "2019.08.24"]

1. d4 Nf6 2. c4 e5 3. dxe5 Ne4 4. Nd2 Bb4 5. a3 Ba5 6. b4 Nxf2 7. Kxf2 Qh4+ 8.
Ke3 d5 9. Ngf3 d4+ 10. Kd3 Bf5+ 11. e4 dxe3+ 12. Kxe3 Qe7 13. Bb2 Nc6 14. Qa4
O-O-O 15. c5 Rd5 16. Nc4 Rhd8 17. Be2 Rxc5 18. Rhd1 b5 19. Rxd8+ Qxd8 20. Qd1
Rd5 21. Nd6+ Rxd6 22. exd6 Bb6+ 23. Kd2 Bf2 24. Bd3 Qxd6 25. Ke2 Bb6 26. Bxf5+
1-0

[Event "Pohár města Říčany 2018"]
[Site "Městské kulturní středisko"]
[Date "2019.08.25"]
[Round "2.17"]
[White "Stanek, Ondrej"]
[Black "Prochazka, Jaroslav"]
[Result "1-0"]
[WhiteElo "2047"]
[BlackElo "1833"]
[PlyCount "51"]
[EventDate "2019.08.24"]

1. e4 c5 2. Nf3 Nc6 3. Bb5 d6 4. O-O Bg4 5. h3 Bh5 6. c3 a6 7. Bxc6+ bxc6 8.
Re1 e6 9. d4 cxd4 10. cxd4 Be7 11. Nc3 Nf6 12. Qa4 Qd7 13. e5 Nd5 14. exd6 Qxd6
15. Ne5 Rc8 16. Qxa6 O-O 17. Nxd5 Qxd5 18. Qc4 Qa5 19. Be3 c5 20. dxc5 Bxc5 21.
Bxc5 Rxc5 22. Qe4 Rd8 23. Nc6 Bg6 24. Nxa5 Bxe4 25. b4 Re5 26. f4 1-0

[Event "Pohár města Říčany 2018"]
[Site "Městské kulturní středisko"]
[Date "2019.08.25"]
[Round "2.18"]
[White "Strnad, Michael"]
[Black "Hadzala, Daniel"]
[Result "0-1"]
[WhiteElo "1726"]
[BlackElo "2047"]
[PlyCount "56"]
[EventDate "2019.08.24"]

1. d4 Nf6 2. c4 d6 3. Nf3 Nbd7 4. g3 e5 5. Nc3 c6 6. Bg2 Be7 7. O-O O-O 8. e4
Re8 9. b3 Bf8 10. Bb2 exd4 11. Nxd4 Nc5 12. Re1 a5 13. Qc2 Qb6 14. h3 a4 15.
Rad1 axb3 16. axb3 Nfd7 17. Kh1 Nb8 18. g4 Nba6 19. Nce2 Nb4 20. Qb1 Bd7 21.
Ng3 Ra2 22. Ngf5 g6 23. Ng3 Rxb2 24. Qxb2 Ncd3 25. Qc3 Nxf2+ 26. Kh2 Nxd1 27.
Rxd1 Bg7 28. Nge2 c5 0-1

[Event "Pohár města Říčany 2018"]
[Site "Městské kulturní středisko"]
[Date "2019.08.25"]
[Round "2.19"]
[White "Petras, Milan"]
[Black "Nemecek, Pavel"]
[Result "1-0"]
[WhiteElo "1981"]
[BlackElo "1801"]
[PlyCount "133"]
[EventDate "2019.08.24"]

1. e4 e6 2. d4 d5 3. Nd2 Be7 4. Ngf3 Nf6 5. e5 Nfd7 6. Bd3 c5 7. c3 Nc6 8. O-O
Qb6 9. dxc5 Bxc5 10. Qe2 Qc7 11. Re1 a6 12. Nb3 Ba7 13. Bf4 Qb6 14. Kh1 Qxf2
15. Qd1 Qxb2 16. Ng5 Nc5 17. Bxh7 Nxb3 18. axb3 Qxc3 19. Qh5 Nd8 20. Rf1 Qc7
21. Rac1 Qe7 22. Qe2 Bd7 23. Bd3 Nc6 24. Nh7 Nd4 25. Qg4 Nf5 26. Bxf5 exf5 27.
Qxg7 Rxh7 28. Qxh7 Rc8 29. Qh8+ Qf8 30. Qf6 Qe7 31. Rxc8+ Bxc8 32. h4 Bd4 33.
Qxe7+ Kxe7 34. Rd1 Bf2 35. h5 Be6 36. h6 Kf8 37. g3 Kg8 38. Kg2 Bc5 39. Rb1 Kh7
40. b4 Bf8 41. Be3 Bd7 42. Rd1 Bc6 43. Rd4 Bxh6 44. Bxh6 Kxh6 45. Kf3 Kg5 46.
Ke3 f6 47. e6 Kg6 48. Kf4 b6 49. Rd2 a5 50. bxa5 bxa5 51. Rc2 Ba4 52. Rc5 Bb3
53. Rxa5 d4 54. Ra6 d3 55. Ke3 Bc2 56. Rd6 Bb1 57. Kd2 f4 58. gxf4 f5 59. e7+
Kf7 60. Re6 Ke8 61. Re5 Bc2 62. Re1 Bb3 63. Kxd3 Bd5 64. Kd4 Be4 65. Rxe4 fxe4
66. Kxe4 Kxe7 67. Ke5 1-0

[Event "Pohár města Říčany 2018"]
[Site "Městské kulturní středisko"]
[Date "2019.08.25"]
[Round "2.20"]
[White "Svatos, Jan"]
[Black "Matys, Jakub"]
[Result "1-0"]
[WhiteElo "2232"]
[BlackElo "1772"]
[PlyCount "43"]
[EventDate "2019.08.24"]

1. Nf3 Nf6 2. c4 c5 3. g3 Nc6 4. Bg2 d5 5. cxd5 Nxd5 6. Nc3 e5 7. O-O Be6 8. d3
f6 9. e3 Qc7 10. Ng5 Nxc3 11. Nxe6 Qd6 12. Qb3 Ne2+ 13. Kh1 Rb8 14. Bd2 Ke7 15.
Nxf8 Rhxf8 16. Rae1 Ned4 17. exd4 Nxd4 18. Qd1 Qa6 19. f4 Nc6 20. fxe5 Nxe5 21.
d4 cxd4 22. Bb4+ 1-0

[Event "Pohár města Říčany 2018"]
[Site "Městské kulturní středisko"]
[Date "2019.08.25"]
[Round "2.21"]
[White "Bartos, Vaclav"]
[Black "Vojta, Jakub"]
[Result "0-1"]
[WhiteElo "1809"]
[BlackElo "2256"]
[PlyCount "36"]
[EventDate "2019.08.24"]

1. d4 Nf6 2. c4 g6 3. Nf3 Bg7 4. g3 O-O 5. Bg2 d5 6. cxd5 Nxd5 7. e4 Nb6 8. O-O
Nc6 9. d5 Na5 10. Nc3 c6 11. Nd4 e6 12. Nde2 exd5 13. exd5 Bg4 14. f3 Bf5 15.
dxc6 Nxc6 16. b3 Re8 17. Ba3 Nd4 18. Rf2 Nc2 0-1

[Event "Pohár města Říčany 2018"]
[Site "Městské kulturní středisko"]
[Date "2019.08.25"]
[Round "2.22"]
[White "Kalvach, Ladislav"]
[Black "Zvolensky, David"]
[Result "0-1"]
[WhiteElo "1784"]
[BlackElo "2152"]
[PlyCount "82"]
[EventDate "2019.08.24"]

1. c4 Nf6 2. Nc3 g6 3. g3 Bg7 4. Bg2 O-O 5. e4 d6 6. d4 Nc6 7. Nge2 e5 8. d5
Ne7 9. O-O Nh5 10. Be3 f5 11. f4 Nf6 12. fxe5 Ng4 13. Bf4 dxe5 14. Bd2 Qd6 15.
b4 Qxb4 16. Na4 Qxc4 17. Rc1 Qa6 18. Rxc7 b5 19. Rxe7 bxa4 20. Nc3 Bf6 21. Re6
Bxe6 22. dxe6 Qb6+ 23. Kh1 Nf2+ 24. Rxf2 Qxf2 25. Nd5 Rae8 26. Bb4 Rxe6 27.
exf5 gxf5 28. Bxf8 Kxf8 29. Nxf6 Rxf6 30. Qd8+ Kf7 31. Bd5+ Kg6 32. h4 Qe3 33.
h5+ Kg5 34. Qg8+ Kh6 35. Qd8 Qb6 36. Qe8 Qd6 37. Bf7 e4 38. g4 Qd1+ 39. Kg2
Qe2+ 40. Kh1 Qxg4 41. Qf8+ Qg7 0-1

[Event "Pohár města Říčany 2018"]
[Site "Městské kulturní středisko"]
[Date "2019.08.25"]
[Round "2.23"]
[White "Nemecek, Lukas"]
[Black "Vlkova, Anezka"]
[Result "0-1"]
[WhiteElo "1778"]
[BlackElo "1973"]
[PlyCount "68"]
[EventDate "2019.08.24"]

1. e4 e6 2. d4 d5 3. exd5 exd5 4. c4 Bb4+ 5. Nc3 Nf6 6. Bd3 O-O 7. Nge2 dxc4 8.
Bxc4 Nbd7 9. O-O Nb6 10. Bb3 Re8 11. Bg5 h6 12. Bh4 c6 13. a3 Be7 14. Bg3 Nbd5
15. Nf4 Nxf4 16. Bxf4 Bd6 17. Qd2 Bxf4 18. Qxf4 Be6 19. Bc2 Qb6 20. Na4 Qb5 21.
b4 Qe2 22. Bd1 Qe4 23. Qxe4 Nxe4 24. Nc5 Nxc5 25. dxc5 Bc4 26. Bf3 Bxf1 27.
Kxf1 a6 28. a4 Re5 29. Rd1 a5 30. Rd7 axb4 31. Rxb7 Rxa4 32. g3 Rxc5 33. Rb8+
Kh7 34. Be4+ f5 0-1

[Event "Pohár města Říčany 2018"]
[Site "Městské kulturní středisko"]
[Date "2019.08.25"]
[Round "2.24"]
[White "Stojkovic, Andreja"]
[Black "Paulovic, Milan"]
[Result "1/2-1/2"]
[WhiteElo "1968"]
[BlackElo "1788"]
[PlyCount "38"]
[EventDate "2019.08.24"]

1. e4 c5 2. Nc3 Nc6 3. f4 d6 4. Nf3 Bg4 5. Be2 g6 6. O-O Bg7 7. h3 Bxf3 8. Bxf3
e5 9. d3 Nd4 10. Nd5 Ne7 11. Nxe7 Qxe7 12. c3 Nc6 13. f5 h5 14. Be3 O-O-O 15.
a4 Bh6 16. Bxh6 Rxh6 17. a5 Rdh8 18. Qa4 Kc7 19. Qc4 g5 1/2-1/2

[Event "Pohár města Říčany 2018"]
[Site "Městské kulturní středisko"]
[Date "2019.08.25"]
[Round "2.25"]
[White "Hejsek, Lukas"]
[Black "Ocelak, Jakub"]
[Result "1/2-1/2"]
[WhiteElo "1948"]
[BlackElo "1781"]
[PlyCount "106"]
[EventDate "2019.08.24"]

1. d4 e6 2. Nf3 d5 3. g3 c6 4. Bg2 Bd6 5. O-O f5 6. c4 Nf6 7. Nc3 O-O 8. Qc2
Ne4 9. Rd1 Nd7 10. Bf4 Bxf4 11. gxf4 Ndf6 12. Ne5 Nxc3 13. bxc3 Ng4 14. Nxg4
fxg4 15. e3 Qh4 16. f3 g5 17. fxg4 gxf4 18. exf4 Qxg4 19. Rd3 Kh8 20. Rh3 Qf5
21. Qe2 Bd7 22. Qe5+ Qxe5 23. fxe5 dxc4 24. Be4 Rf7 25. Rh6 Rg8+ 26. Kh1 Rg4
27. Re1 b5 28. h3 Rg3 29. Rg1 Rxg1+ 30. Kxg1 a5 31. a3 Kg8 32. Kg2 b4 33. axb4
axb4 34. cxb4 c5 35. dxc5 c3 36. Bc2 Bc6+ 37. Kg1 Bd5 38. Rf6 Ra7 39. b5 Ra1+
40. Kh2 Rh1+ 41. Kg3 Rg1+ 42. Kf4 Rg2 43. c6 Rxc2 44. c7 Bb7 45. Rxe6 Rf2+ 46.
Ke3 c2 47. Rc6 Rh2 48. c8=Q+ Bxc8 49. Rxc8+ Kf7 50. b6 Rxh3+ 51. Kd2 Rb3 52.
Rc7+ Ke6 53. b7 Kxe5 1/2-1/2

[Event "Pohár města Říčany 2018"]
[Site "Městské kulturní středisko"]
[Date "2019.08.25"]
[Round "2.26"]
[White "Hadrava, Jaroslav"]
[Black "Rerabek, Jaroslav"]
[Result "0-1"]
[WhiteElo "1937"]
[BlackElo "1733"]
[PlyCount "92"]
[EventDate "2019.08.24"]

1. e4 e5 2. Nc3 Nf6 3. f4 d5 4. fxe5 Nxe4 5. Nf3 Be7 6. Qe2 Nxc3 7. bxc3 c5 8.
d4 O-O 9. Be3 c4 10. Qd2 Bf5 11. Be2 Nc6 12. O-O f6 13. Rab1 b6 14. Nh4 Be6 15.
Nf5 Bxf5 16. Rxf5 fxe5 17. Rxf8+ Kxf8 18. dxe5 Nxe5 19. Rd1 Qc7 20. Qxd5 Rd8
21. Rf1+ Bf6 22. Qe4 Kg8 23. Bd4 b5 24. Qe3 Re8 25. Qg3 Kh8 26. Bg4 Qe7 27. Bf5
Nf7 28. Bxf6 gxf6 29. Qh4 Ng5 30. Qd4 Qe3+ 31. Kh1 Qxd4 32. cxd4 b4 33. h4 Nf7
34. d5 Re2 35. Be6 Kg7 36. Rb1 a5 37. a3 Rxc2 38. axb4 a4 39. Ra1 c3 40. Rxa4
Rc1+ 41. Kh2 c2 42. Ra7 Rh1+ 43. Kg3 c1=Q 44. Rxf7+ Kg6 45. Bd7 Qe3+ 46. Kg4
h5# 0-1

[Event "Pohár města Říčany 2018"]
[Site "Městské kulturní středisko"]
[Date "2019.08.25"]
[Round "2.27"]
[White "Vit, Zdenek"]
[Black "Toulec, Stanislav"]
[Result "1/2-1/2"]
[WhiteElo "1747"]
[BlackElo "1930"]
[PlyCount "79"]
[EventDate "2019.08.24"]

1. e4 c5 2. Nf3 e6 3. d4 cxd4 4. Nxd4 a6 5. Bd3 Nc6 6. Nxc6 dxc6 7. O-O e5 8.
Qh5 Qc7 9. b3 g6 10. Qe2 Bg7 11. Bb2 f6 12. Nd2 Nh6 13. Nc4 b5 14. Ne3 O-O 15.
b4 f5 16. c4 f4 17. Nd1 Qe7 18. f3 g5 19. Nf2 Nf7 20. cxb5 axb5 21. a4 Rxa4 22.
Rxa4 bxa4 23. Ba3 Rd8 24. Qc2 g4 25. fxg4 Qa7 26. Qc5 Qa8 27. h3 Bf8 28. Qc3
Ba6 29. Bxa6 Qxa6 30. Rc1 Rd4 31. Rc2 Qb6 32. Qxc6 Qxc6 33. Rxc6 Bxb4 34. Bxb4
Rxb4 35. Ra6 Kg7 36. Nd3 Rxe4 37. Nc5 Rc4 38. Ne6+ Kf6 39. Nxf4+ Ke7 40. Nd5+
1/2-1/2

[Event "Pohár města Říčany 2018"]
[Site "Městské kulturní středisko"]
[Date "2019.08.25"]
[Round "2.28"]
[White "Reljic, Michael"]
[Black "Otrubova, Kristyna"]
[Result "1-0"]
[WhiteElo "1890"]
[BlackElo "1712"]
[PlyCount "69"]
[EventDate "2019.08.24"]

1. e4 c5 2. Nf3 d6 3. c3 Nf6 4. Be2 Nc6 5. d3 e6 6. O-O Be7 7. b3 O-O 8. Nbd2
e5 9. h3 d5 10. exd5 Nxd5 11. Qc2 Nf4 12. Nc4 Ng6 13. Bb2 Qc7 14. d4 exd4 15.
cxd4 cxd4 16. Nxd4 Nxd4 17. Bxd4 Bd7 18. Qb2 f6 19. Rac1 Bc6 20. Ne3 Nf4 21. b4
Nxe2+ 22. Qxe2 Qf4 23. Qc4+ Kh8 24. b5 Be4 25. f3 Bg6 26. Nd5 Qd6 27. Nxe7 Qxe7
28. Bc5 Qe5 29. Bxf8 Qe3+ 30. Kh1 Rxf8 31. Qc5 Qxc5 32. Rxc5 Re8 33. Rfc1 Kg8
34. Rc8 a6 35. b6 1-0

[Event "Pohár města Říčany 2018"]
[Site "Městské kulturní středisko"]
[Date "2019.08.25"]
[Round "2.29"]
[White "Dubnicka, Augustin"]
[Black "Kovar, Jan"]
[Result "1/2-1/2"]
[WhiteElo "1734"]
[BlackElo "1885"]
[PlyCount "60"]
[EventDate "2019.08.24"]

1. d4 d5 2. Bf4 c5 3. c3 Nc6 4. e3 Nf6 5. Bd3 cxd4 6. exd4 Bg4 7. Qb3 Qd7 8.
Nd2 e6 9. Ngf3 Bd6 10. Bg3 O-O 11. O-O a6 12. Rfe1 Bh5 13. Ne5 Qc7 14. Ndf3 Bg6
15. Nxg6 hxg6 16. Ne5 Bxe5 17. dxe5 Nh5 18. f4 Nxg3 19. hxg3 Na5 20. Qc2 Nc4
21. Rab1 Rfd8 22. Qe2 Kf8 23. Bxc4 Qc5+ 24. Kf1 Qxc4 25. Qxc4 dxc4 26. Red1 Ke7
27. Ke2 Rac8 28. Ke3 Rd5 29. Rxd5 exd5 30. Rd1 Ke6 1/2-1/2

[Event "Pohár města Říčany 2018"]
[Site "Městské kulturní středisko"]
[Date "2019.08.25"]
[Round "2.30"]
[White "Feierfeil, Jiri"]
[Black "Tejkal, Jiri"]
[Result "1/2-1/2"]
[WhiteElo "1671"]
[BlackElo "1881"]
[PlyCount "65"]
[EventDate "2019.08.24"]

1. d4 Nf6 2. c4 g6 3. Nc3 Bg7 4. e4 d6 5. Bd3 e5 6. d5 Nbd7 7. Nge2 Nc5 8. Bc2
a5 9. O-O O-O 10. f3 Ne8 11. Ng3 h5 12. Be3 h4 13. Nge2 Bf6 14. Qd2 b6 15. Rae1
g5 16. b3 Ng7 17. g4 hxg3 18. hxg3 Nh5 19. Kg2 Kg7 20. Rh1 Rh8 21. g4 Nf4+ 22.
Bxf4 gxf4 23. Rxh8 Qxh8 24. Rh1 Qg8 25. Qe1 Kf8 26. Qf2 Bd7 27. Kf1 Ke7 28. Rh2
Qg7 29. Qg2 Rh8 30. Ng1 Rxh2 31. Qxh2 Qh8 32. Qxh8 Bxh8 33. Nge2 1/2-1/2